Statistics for Non-Country by Flag #1

Click here to take the quiz!

General Stats

  • This quiz has been taken 17 times
  • The average score is 6 of 12

Answer Stats

Answer% Correct
Palestine
100%
Puerto Rico
100%
Gibraltar
93%
Guam
67%
Abkhazia
60%
Somaliland
60%
Ontario
40%
Sicily
33%
Sahrawi Arab Democratic Republic
20%
French Southern and Antarctic Lands
13%
Tuscany
7%
Yakutia
7%

Score Distribution

Percentile by Number Answered

Percent of People with Each Score

Your Score History

You have not taken this quiz